[Event "EYCC 2024 - O14"]
[Site "?"]
[Date "2024.08.31"]
[Round "9.1"]
[White "Finek, Vaclav"]
[Black "Sowinski, Pawel"]
[Result "1/2-1/2"]
[BlackElo "2463"]
[WhiteElo "2467"]
[LiveChessVersion "1.4.8"]

1. d4 {[%clk 1:30:58]} Nf6 {[%clk 1:30:57]} 2. g3 {[%clk 1:31:21]} e6
{[%clk 1:31:10]} 3. Bg2 {[%clk 1:31:47]} c5 {[%clk 1:31:29]} 4. Nf3
{[%clk 1:32:13]} cxd4 {[%clk 1:31:49]} 5. O-O {[%clk 1:32:29]} d5
{[%clk 1:31:03]} 6. Nxd4 {[%clk 1:32:54]} e5 {[%clk 1:30:36]} 7. Nb3
{[%clk 1:33:09]} Be7 {[%clk 1:23:14]} 8. Bg5 {[%clk 1:28:20]} Nbd7
{[%clk 1:22:59]} 9. c4 {[%clk 1:14:48]} dxc4 {[%clk 1:18:00]} 10. N3d2
{[%clk 1:15:13]} h6 {[%clk 1:06:35]} 11. Bxf6 {[%clk 1:15:35]} Nxf6
{[%clk 1:06:50]} 12. Nc3 {[%clk 1:06:21]} O-O {[%clk 0:58:16]} 13. Nxc4
{[%clk 1:06:43]} Qc7 {[%clk 0:40:57]} 14. Ne3 {[%clk 0:56:45]} Be6
{[%clk 0:39:57]} 15. Ned5 {[%clk 0:56:54]} Bxd5 {[%clk 0:39:05]} 16. Nxd5
{[%clk 0:49:49]} Nxd5 {[%clk 0:39:22]} 17. Bxd5 {[%clk 0:48:10]} Qb6
{[%clk 0:37:48]} 18. Qc2 {[%clk 0:40:11]} Rad8 {[%clk 0:28:33]} 19. Rfd1
{[%clk 0:35:30]} Rd6 {[%clk 0:26:59]} 20. e3 {[%clk 0:32:00]} Rfd8
{[%clk 0:23:37]} 21. Qc4 {[%clk 0:30:46]} Kh8 {[%clk 0:23:27]} 22. Rab1
{[%clk 0:26:29]} R6d7 {[%clk 0:20:08]} 23. Bf3 {[%clk 0:21:23]} Bc5
{[%clk 0:15:18]} 24. Rxd7 {[%clk 0:19:28]} Rxd7 {[%clk 0:15:47]} 25. Qe4
{[%clk 0:18:56]} Qf6 {[%clk 0:13:23]} 26. Rc1 {[%clk 0:16:56]} Bf8
{[%clk 0:08:10]} 27. Rc8 {[%clk 0:15:48]} Kg8 {[%clk 0:08:27]} 28. h4
{[%clk 0:14:10]} Qd6 {[%clk 0:03:32]} 29. h5 {[%clk 0:11:42]} Rc7
{[%clk 0:04:01]} 30. Rxc7 {[%clk 0:07:44]} Qxc7 {[%clk 0:04:30]} 31. Qa4
{[%clk 0:07:39]} b6 {[%clk 0:03:19]} 32. Kg2 {[%clk 0:06:03]} a5 {[%clk 0:02:55]}
33. Qe8 {[%clk 0:06:16]} Qe7 {[%clk 0:03:17]} 34. Qa8 {[%clk 0:05:53]} Qf6
{[%clk 0:03:46]} 35. Qb7 {[%clk 0:05:14]} g6 {[%clk 0:02:42]} 36. hxg6
{[%clk 0:05:15]} Qxg6 {[%clk 0:03:10]} 37. Bd5 {[%clk 0:05:04]} Qf6
{[%clk 0:03:32]} 38. Qc8 {[%clk 0:03:09]} Kg7 {[%clk 0:04:01]} 39. Qg4+
{[%clk 0:02:28]} Qg6 {[%clk 0:04:23]} 40. Qd7 {[%clk 0:02:54]} Qf6
{[%clk 0:04:50]} 41. Qb5 {[%clk 0:01:53]} Bc5 {[%clk 0:05:07]} 42. Qd7
{[%clk 0:01:28]} Bf8 {[%clk 0:05:26]} 43. Be4 {[%clk 0:01:20]} Bc5
{[%clk 0:05:43]} 44. Qg4+ {[%clk 0:01:26]} Qg5 {[%clk 0:06:12]} 45. Qf3
{[%clk 0:01:25]} Qf6 {[%clk 0:06:31]} 46. Qe2 {[%clk 0:01:43]} Be7
{[%clk 0:06:38]} 47. b3 {[%clk 0:02:02]} Bc5 {[%clk 0:07:03]} 48. Qg4+
{[%clk 0:01:21]} Qg5 {[%clk 0:07:32]} 49. Qd7 {[%clk 0:01:13]} Qe7
{[%clk 0:07:55]} 50. Qd1 {[%clk 0:01:23]} Qf6 {[%clk 0:08:21]} 51. Qe2
{[%clk 0:01:38]} Qe7 {[%clk 0:08:45]} 1/2-1/2

[Event "EYCC 2024 - O14"]
[Site "?"]
[Date "2024.08.31"]
[Round "9.2"]
[White "Delgerdalai, Bayarjavkhlan"]
[Black "Korchynskyi, Mykola"]
[Result "1-0"]
[BlackElo "2312"]
[WhiteElo "2278"]
[LiveChessVersion "1.4.8"]

1. e4 {[%clk 1:30:57]} c6 {[%clk 1:30:56]} 2. d4 {[%clk 1:31:22]} d5
{[%clk 1:31:23]} 3. exd5 {[%clk 1:31:46]} cxd5 {[%clk 1:31:48]} 4. Bd3
{[%clk 1:32:10]} Nf6 {[%clk 1:31:44]} 5. c3 {[%clk 1:32:13]} Bg4 {[%clk 1:31:01]}
6. Qb3 {[%clk 1:29:09]} Qc7 {[%clk 1:29:55]} 7. h3 {[%clk 1:27:45]} Bd7
{[%clk 1:27:56]} 8. Ne2 {[%clk 1:21:09]} e6 {[%clk 1:26:41]} 9. Bf4
{[%clk 1:21:15]} Qc8 {[%clk 1:26:55]} 10. Nd2 {[%clk 1:19:48]} Be7
{[%clk 1:23:43]} 11. Ng1 {[%clk 1:17:26]} Bc6 {[%clk 1:18:19]} 12. Ngf3
{[%clk 1:14:57]} Nbd7 {[%clk 1:18:37]} 13. O-O {[%clk 1:14:18]} O-O
{[%clk 1:17:59]} 14. Rfe1 {[%clk 1:14:42]} Rd8 {[%clk 1:13:11]} 15. a4
{[%clk 1:13:37]} Nf8 {[%clk 1:09:10]} 16. Qc2 {[%clk 1:03:41]} Ng6
{[%clk 1:07:26]} 17. Bg5 {[%clk 0:59:39]} Qc7 {[%clk 0:59:02]} 18. Ne5
{[%clk 0:58:37]} Nh5 {[%clk 0:51:51]} 19. Bxe7 {[%clk 0:56:59]} Qxe7
{[%clk 0:52:09]} 20. Nxg6 {[%clk 0:51:17]} hxg6 {[%clk 0:51:43]} 21. Nf3
{[%clk 0:49:02]} Rac8 {[%clk 0:51:31]} 22. g3 {[%clk 0:48:33]} a6
{[%clk 0:50:11]} 23. Ne5 {[%clk 0:48:44]} Be8 {[%clk 0:50:05]} 24. a5
{[%clk 0:46:32]} Nf6 {[%clk 0:49:45]} 25. Qe2 {[%clk 0:43:56]} Rb8
{[%clk 0:43:04]} 26. h4 {[%clk 0:37:41]} Rd6 {[%clk 0:39:12]} 27. Reb1
{[%clk 0:37:21]} Rdd8 {[%clk 0:37:17]} 28. Kg2 {[%clk 0:37:11]} Ne4
{[%clk 0:36:24]} 29. Kg1 {[%clk 0:25:23]} f6 {[%clk 0:35:51]} 30. Nf3
{[%clk 0:22:51]} Bc6 {[%clk 0:16:14]} 31. Re1 {[%clk 0:22:48]} Kf7
{[%clk 0:15:22]} 32. Nd2 {[%clk 0:17:25]} Nxd2 {[%clk 0:15:42]} 33. Qxd2
{[%clk 0:17:48]} Rh8 {[%clk 0:16:03]} 34. Qf4 {[%clk 0:16:08]} Rbe8
{[%clk 0:15:57]} 35. Re3 {[%clk 0:14:06]} Rh6 {[%clk 0:15:57]} 36. Rae1
{[%clk 0:13:43]} Qd8 {[%clk 0:15:18]} 37. Bf1 {[%clk 0:11:03]} f5
{[%clk 0:12:31]} 38. b4 {[%clk 0:10:26]} Rh5 {[%clk 0:09:28]} 39. Be2
{[%clk 0:10:17]} Rh6 {[%clk 0:09:39]} 40. Re5 {[%clk 0:07:38]} Bb5
{[%clk 0:02:36]} 41. c4 {[%clk 0:02:19]} dxc4 {[%clk 0:02:27]} 42. Rc5
{[%clk 0:01:59]} g5 {[%clk 0:01:10]} 43. hxg5 {[%clk 0:01:56]} Rh7
{[%clk 0:00:45]} 44. Bxc4 {[%clk 0:00:40]} Bxc4 {[%clk 0:01:10]} 45. Qc7+
{[%clk 0:00:44]} Qxc7 {[%clk 0:00:39]} 46. Rxc7+ {[%clk 0:01:13]} Re7
{[%clk 0:00:33]} 47. Rxc4 {[%clk 0:01:37]} Rh8 {[%clk 0:00:36]} 48. d5
{[%clk 0:00:52]} exd5 {[%clk 0:00:48]} 49. Rxe7+ {[%clk 0:01:14]} Kxe7
{[%clk 0:01:16]} 50. Rc7+ {[%clk 0:01:40]} Kd6 {[%clk 0:01:42]} 51. Rxb7
{[%clk 0:01:48]} d4 {[%clk 0:02:08]} 52. Kf1 {[%clk 0:02:01]} Re8
{[%clk 0:02:08]} 53. b5 {[%clk 0:02:00]} Kc5 {[%clk 0:01:07]} 54. bxa6
{[%clk 0:01:32]} d3 {[%clk 0:00:56]} 55. a7 {[%clk 0:01:30]} Kc4 {[%clk 0:00:33]}
56. Rb8 {[%clk 0:01:13]} d2 {[%clk 0:00:48]} 57. Rxe8 {[%clk 0:01:12]} d1=Q+
{[%clk 0:01:12]} 58. Kg2 {[%clk 0:01:40]} Qd5+ {[%clk 0:01:23]} 59. Kh2
{[%clk 0:01:59]} Qf3 {[%clk 0:01:35]} 60. a8=Q {[%clk 0:02:19]} Qh5+
{[%clk 0:01:56]} 61. Kg2 {[%clk 0:02:41]} 1-0

[Event "EYCC 2024 - O14"]
[Site "?"]
[Date "2024.08.31"]
[Round "9.3"]
[White "Dotzer, Lukas"]
[Black "Pycinski, Wladyslaw"]
[Result "1-0"]
[BlackElo "2237"]
[WhiteElo "2391"]
[LiveChessVersion "1.4.8"]

1. e4 {[%clk 1:30:57]} e6 {[%clk 1:30:44]} 2. d4 {[%clk 1:31:21]} d5
{[%clk 1:31:09]} 3. Nd2 {[%clk 1:31:07]} c5 {[%clk 1:31:29]} 4. Ngf3
{[%clk 1:31:25]} cxd4 {[%clk 1:31:28]} 5. Nxd4 {[%clk 1:31:45]} Nc6
{[%clk 1:31:48]} 6. Nxc6 {[%clk 1:31:39]} bxc6 {[%clk 1:32:07]} 7. Bd3
{[%clk 1:30:41]} Bd6 {[%clk 1:29:59]} 8. O-O {[%clk 1:16:51]} Qc7
{[%clk 1:27:07]} 9. h3 {[%clk 1:05:30]} Ne7 {[%clk 1:22:15]} 10. exd5
{[%clk 0:52:35]} cxd5 {[%clk 1:16:52]} 11. c4 {[%clk 0:51:36]} O-O
{[%clk 1:06:37]} 12. Qh5 {[%clk 0:46:31]} h6 {[%clk 1:01:41]} 13. b3
{[%clk 0:41:42]} Bh2+ {[%clk 0:48:41]} 14. Kh1 {[%clk 0:42:06]} Qe5
{[%clk 0:46:41]} 15. Qxe5 {[%clk 0:28:34]} Bxe5 {[%clk 0:46:05]} 16. Rb1
{[%clk 0:29:01]} Ba6 {[%clk 0:37:31]} 17. Ba3 {[%clk 0:25:19]} Rfe8
{[%clk 0:36:38]} 18. Rfd1 {[%clk 0:19:07]} Bf4 {[%clk 0:25:28]} 19. Nf3
{[%clk 0:15:20]} dxc4 {[%clk 0:21:44]} 20. Bxc4 {[%clk 0:13:59]} Bb7
{[%clk 0:19:40]} 21. Rd7 {[%clk 0:09:45]} Bxf3 {[%clk 0:19:29]} 22. Rxe7
{[%clk 0:03:48]} Rxe7 {[%clk 0:19:36]} 23. Bxe7 {[%clk 0:04:13]} Bc6
{[%clk 0:18:41]} 24. Rd1 {[%clk 0:03:54]} Rc8 {[%clk 0:18:10]} 25. Ba6
{[%clk 0:03:22]} Re8 {[%clk 0:18:16]} 26. Bc5 {[%clk 0:02:18]} Bd5
{[%clk 0:17:39]} 27. Rd4 {[%clk 0:00:57]} Be5 {[%clk 0:16:16]} 28. Rd3
{[%clk 0:00:37]} Rb8 {[%clk 0:14:39]} 29. Kg1 {[%clk 0:00:44]} f6
{[%clk 0:14:18]} 30. f3 {[%clk 0:00:58]} Kf7 {[%clk 0:14:07]} 31. Kf2
{[%clk 0:00:53]} g5 {[%clk 0:13:45]} 32. Rd2 {[%clk 0:00:43]} h5 {[%clk 0:13:18]}
33. Rc2 {[%clk 0:00:45]} Rd8 {[%clk 0:12:50]} 34. b4 {[%clk 0:00:50]} Rd7
{[%clk 0:12:45]} 35. Ke2 {[%clk 0:00:59]} g4 {[%clk 0:12:38]} 36. hxg4
{[%clk 0:00:36]} hxg4 {[%clk 0:13:03]} 37. Bc4 {[%clk 0:00:42]} gxf3+
{[%clk 0:12:59]} 38. gxf3 {[%clk 0:01:06]} Bxc4+ {[%clk 0:12:43]} 39. Rxc4
{[%clk 0:01:29]} f5 {[%clk 0:12:55]} 40. a4 {[%clk 0:00:46]} a6 {[%clk 0:12:32]}
41. Bb6 {[%clk 0:00:40]} Rb7 {[%clk 0:11:59]} 42. Rc6 {[%clk 0:00:49]} Bc3
{[%clk 0:11:56]} 43. b5 {[%clk 0:00:42]} axb5 {[%clk 0:11:03]} 44. a5
{[%clk 0:00:51]} Be5 {[%clk 0:10:55]} 45. a6 {[%clk 0:00:43]} Rb8
{[%clk 0:11:17]} 46. a7 {[%clk 0:00:40]} Ra8 {[%clk 0:11:25]} 47. Rc5
{[%clk 0:00:44]} Bd6 {[%clk 0:10:41]} 48. Rxb5 {[%clk 0:01:06]} Ke7
{[%clk 0:10:39]} 49. Kd3 {[%clk 0:00:39]} Kd7 {[%clk 0:10:51]} 50. Be3
{[%clk 0:00:38]} Kc6 {[%clk 0:10:23]} 51. Kc4 {[%clk 0:00:57]} Bc7
{[%clk 0:09:54]} 52. Rb1 {[%clk 0:00:44]} e5 {[%clk 0:05:44]} 53. Rg1
{[%clk 0:00:46]} Rc8 {[%clk 0:05:10]} 54. Rg5 {[%clk 0:00:35]} e4
{[%clk 0:03:09]} 55. f4 {[%clk 0:00:42]} Bxf4 {[%clk 0:03:15]} 56. Bxf4
{[%clk 0:00:56]} Kb6+ {[%clk 0:03:38]} 57. Kb4 {[%clk 0:01:14]} Kxa7
{[%clk 0:03:59]} 58. Kb5 {[%clk 0:01:22]} Rc2 {[%clk 0:02:49]} 59. Rg7+
{[%clk 0:01:40]} Ka8 {[%clk 0:03:15]} 60. Be5 {[%clk 0:00:42]} Rc1
{[%clk 0:00:32]} 61. Kb6 {[%clk 0:00:59]} Rb1+ {[%clk 0:00:55]} 62. Ka6
{[%clk 0:01:20]} Ra1+ 63. Bxa1 {[%clk 0:01:42]} 1-0

[Event "EYCC 2024 - O14"]
[Site "?"]
[Date "2024.08.31"]
[Round "9.4"]
[White "Zakin, Ilay"]
[Black "Ilinca, Felix-Antonio"]
[Result "0-1"]
[BlackElo "2386"]
[WhiteElo "2235"]
[LiveChessVersion "1.4.8"]

1. e4 {[%clk 1:30:57]} c5 {[%clk 1:30:48]} 2. Nf3 {[%clk 1:31:20]} d6
{[%clk 1:31:03]} 3. d4 {[%clk 1:31:43]} cxd4 {[%clk 1:31:15]} 4. Nxd4
{[%clk 1:32:05]} Nf6 {[%clk 1:31:30]} 5. Nc3 {[%clk 1:32:28]} Nc6
{[%clk 1:31:34]} 6. Bg5 {[%clk 1:32:52]} e6 {[%clk 1:31:36]} 7. Qd3
{[%clk 1:30:42]} Bd7 {[%clk 1:30:57]} 8. O-O-O {[%clk 1:29:55]} a6
{[%clk 1:30:35]} 9. f4 {[%clk 1:23:46]} Be7 {[%clk 1:29:37]} 10. Be2
{[%clk 1:16:02]} h6 {[%clk 1:27:15]} 11. Bh4 {[%clk 1:14:30]} Rc8
{[%clk 1:25:36]} 12. Nxc6 {[%clk 1:09:59]} Bxc6 {[%clk 1:21:22]} 13. f5
{[%clk 1:04:55]} exf5 {[%clk 1:10:11]} 14. exf5 {[%clk 1:04:40]} O-O
{[%clk 1:09:39]} 15. Rhg1 {[%clk 1:03:43]} b5 {[%clk 1:04:18]} 16. Bf3
{[%clk 0:59:33]} b4 {[%clk 1:02:10]} 17. Bxc6 {[%clk 0:58:17]} bxc3
{[%clk 1:00:10]} 18. Ba4 {[%clk 0:57:15]} d5 {[%clk 0:49:43]} 19. Bxf6
{[%clk 0:30:38]} Bxf6 {[%clk 0:49:58]} 20. Qxd5 {[%clk 0:30:44]} Qb6
{[%clk 0:46:57]} 21. Bb3 {[%clk 0:30:33]} a5 {[%clk 0:45:18]} 22. Qd7
{[%clk 0:29:12]} a4 {[%clk 0:36:44]} 23. Qxa4 {[%clk 0:28:00]} Ra8
{[%clk 0:36:42]} 24. Qc4 {[%clk 0:20:15]} Rxa2 {[%clk 0:35:55]} 25. bxc3
{[%clk 0:20:33]} Rfa8 {[%clk 0:30:40]} 26. Qb4 {[%clk 0:15:23]} Qe3+
{[%clk 0:29:36]} 27. Kb1 {[%clk 0:15:34]} Bxc3 {[%clk 0:29:51]} 28. Bxf7+
{[%clk 0:14:16]} Kh8 {[%clk 0:30:00]} 29. Qxc3 {[%clk 0:12:40]} Qxc3
{[%clk 0:30:23]} 30. Bxa2 {[%clk 0:13:04]} Qa3 {[%clk 0:30:48]} 0-1

[Event "EYCC 2024 - O14"]
[Site "?"]
[Date "2024.08.31"]
[Round "9.5"]
[White "Gkavardinas, Antonios"]
[Black "Cieslak, Patryk"]
[Result "1/2-1/2"]
[BlackElo "2374"]
[WhiteElo "2222"]
[LiveChessVersion "1.4.8"]

1. e4 {[%clk 1:30:56]} c5 {[%clk 1:30:56]} 2. Nf3 {[%clk 1:31:17]} d6
{[%clk 1:31:18]} 3. d4 {[%clk 1:31:38]} cxd4 {[%clk 1:31:43]} 4. Nxd4
{[%clk 1:32:01]} Nf6 {[%clk 1:32:09]} 5. Nc3 {[%clk 1:32:13]} a6 {[%clk 1:32:35]}
6. Be3 {[%clk 1:32:35]} e5 {[%clk 1:32:59]} 7. Nb3 {[%clk 1:32:59]} Be7
{[%clk 1:33:12]} 8. f3 {[%clk 1:33:05]} Be6 {[%clk 1:33:32]} 9. Qd2
{[%clk 1:33:17]} h5 {[%clk 1:33:53]} 10. Nd5 {[%clk 1:33:36]} Nxd5
{[%clk 1:34:17]} 11. exd5 {[%clk 1:34:00]} Bf5 {[%clk 1:34:42]} 12. Be2
{[%clk 1:34:15]} Bh4+ {[%clk 1:35:04]} 13. g3 {[%clk 1:34:32]} Be7
{[%clk 1:35:30]} 14. O-O-O {[%clk 1:34:49]} a5 {[%clk 1:35:44]} 15. Bd3
{[%clk 1:35:07]} Bd7 {[%clk 1:36:09]} 16. Kb1 {[%clk 1:32:07]} a4
{[%clk 1:34:57]} 17. Nc1 {[%clk 1:31:05]} Qa5 {[%clk 1:34:03]} 18. c4
{[%clk 1:27:35]} Qxd2 {[%clk 1:32:30]} 19. Rxd2 {[%clk 1:27:33]} f5
{[%clk 1:20:54]} 20. h4 {[%clk 1:20:14]} Na6 {[%clk 1:14:35]} 21. Re1
{[%clk 1:16:38]} Kf7 {[%clk 1:10:11]} 22. Bf1 {[%clk 1:12:27]} f4
{[%clk 0:55:20]} 23. Bf2 {[%clk 1:10:01]} fxg3 {[%clk 0:50:14]} 24. Bxg3
{[%clk 1:10:16]} Nc5 {[%clk 0:47:12]} 25. Nd3 {[%clk 1:01:16]} Bf5
{[%clk 0:46:34]} 26. Ka1 {[%clk 0:56:10]} b6 {[%clk 0:42:48]} 27. Nxc5
{[%clk 0:51:40]} bxc5 {[%clk 0:40:46]} 28. Bd3 {[%clk 0:51:31]} Bxd3
{[%clk 0:38:49]} 29. Rxd3 {[%clk 0:51:58]} g5 {[%clk 0:37:14]} 30. hxg5
{[%clk 0:51:07]} Bxg5 {[%clk 0:36:14]} 31. f4 {[%clk 0:47:46]} exf4
{[%clk 0:33:03]} 32. Bxf4 {[%clk 0:47:29]} Bxf4 {[%clk 0:31:17]} 33. Rf3
{[%clk 0:47:17]} Kg6 {[%clk 0:29:10]} 34. Rxf4 {[%clk 0:46:30]} Raf8
{[%clk 0:28:05]} 35. Rg1+ {[%clk 0:43:49]} Kh6 {[%clk 0:27:44]} 36. Re4
{[%clk 0:43:09]} Re8 {[%clk 0:27:18]} 37. Rh4 {[%clk 0:42:21]} Rhg8
{[%clk 0:26:39]} 38. Rgh1 {[%clk 0:40:41]} Re5 {[%clk 0:26:21]} 39. a3
{[%clk 0:38:13]} Rgg5 {[%clk 0:24:47]} 40. R1h2 {[%clk 0:29:11]} Kg6
{[%clk 0:24:34]} 41. b3 {[%clk 0:28:45]} Rg3 {[%clk 0:18:43]} 42. R4h3
{[%clk 0:23:56]} Rxh3 {[%clk 0:18:33]} 43. Rxh3 {[%clk 0:24:19]} Re1+
{[%clk 0:17:24]} 44. Kb2 {[%clk 0:23:55]} Re2+ {[%clk 0:17:34]} 45. Kc3
{[%clk 0:18:42]} Ra2 {[%clk 0:12:16]} 46. Re3 {[%clk 0:18:14]} Kg5
{[%clk 0:11:21]} 47. Re6 {[%clk 0:17:38]} Rxa3 {[%clk 0:11:43]} 48. Rxd6
{[%clk 0:17:54]} Rxb3+ {[%clk 0:12:10]} 49. Kc2 {[%clk 0:18:05]} Rb8
{[%clk 0:10:19]} 50. Rc6 {[%clk 0:15:43]} h4 {[%clk 0:08:07]} 51. Rxc5
{[%clk 0:15:40]} h3 {[%clk 0:04:53]} 52. d6+ {[%clk 0:15:41]} Kg4
{[%clk 0:02:25]} 53. Rd5 {[%clk 0:14:21]} h2 {[%clk 0:02:33]} 54. Rd1
{[%clk 0:13:31]} Rd8 {[%clk 0:02:16]} 55. Rd4+ {[%clk 0:11:46]} Kg5
{[%clk 0:02:36]} 56. Rd5+ {[%clk 0:11:58]} Kg4 {[%clk 0:03:03]} 57. Rd4+
{[%clk 0:12:17]} Kg3 {[%clk 0:02:28]} 58. Rd3+ {[%clk 0:12:29]} Kh4
{[%clk 0:02:45]} 59. Rd4+ {[%clk 0:12:49]} Kh5 {[%clk 0:03:05]} 60. Rd5+
{[%clk 0:12:44]} Kg6 {[%clk 0:03:00]} 61. Rd1 {[%clk 0:12:53]} Kf6
{[%clk 0:02:40]} 62. Rh1 {[%clk 0:10:37]} Rh8 {[%clk 0:02:51]} 63. c5
{[%clk 0:08:48]} Ke6 {[%clk 0:03:11]} 64. Kc3 {[%clk 0:08:04]} Kd7
{[%clk 0:03:10]} 65. Kb4 {[%clk 0:07:29]} Rh4+ {[%clk 0:03:16]} 66. Ka3
{[%clk 0:07:47]} Kc6 {[%clk 0:03:39]} 67. Ka2 {[%clk 0:07:58]} Rh3
{[%clk 0:04:07]} 68. Kb2 {[%clk 0:08:03]} Rh5 {[%clk 0:04:01]} 69. Ka3
{[%clk 0:07:46]} Rh4 {[%clk 0:04:02]} 70. Ka2 {[%clk 0:08:00]} Rh3
{[%clk 0:04:30]} 71. Kb2 {[%clk 0:08:20]} Kd7 {[%clk 0:04:41]} 72. Ka2
{[%clk 0:08:20]} a3 {[%clk 0:05:03]} 73. Ka1 {[%clk 0:08:44]} Kc6
{[%clk 0:05:23]} 74. Ka2 {[%clk 0:09:03]} Kxc5 {[%clk 0:05:13]} 75. d7
{[%clk 0:09:13]} Rd3 {[%clk 0:05:39]} 76. Rxh2 {[%clk 0:09:33]} Rxd7
{[%clk 0:06:05]} 77. Kxa3 {[%clk 0:09:55]} 1/2-1/2

[Event "EYCC 2024 - O14"]
[Site "?"]
[Date "2024.08.31"]
[Round "9.6"]
[White "Haug, Havard"]
[Black "Durucay, Uygar"]
[Result "1-0"]
[BlackElo "2234"]
[WhiteElo "2315"]
[LiveChessVersion "1.4.8"]

1. e4 {[%clk 1:30:54]} c6 {[%clk 1:30:33]} 2. d4 {[%clk 1:31:10]} d5
{[%clk 1:30:55]} 3. Nc3 {[%clk 1:31:29]} dxe4 {[%clk 1:31:11]} 4. Nxe4
{[%clk 1:31:58]} Nf6 {[%clk 1:31:31]} 5. Nxf6+ {[%clk 1:32:21]} exf6
{[%clk 1:31:55]} 6. c3 {[%clk 1:32:42]} Bd6 {[%clk 1:31:50]} 7. Bd3
{[%clk 1:33:05]} O-O {[%clk 1:31:27]} 8. Qc2 {[%clk 1:33:30]} Re8+
{[%clk 1:31:43]} 9. Ne2 {[%clk 1:33:55]} h5 {[%clk 1:32:07]} 10. Be3
{[%clk 1:34:07]} Nd7 {[%clk 1:31:23]} 11. c4 {[%clk 1:34:03]} Nf8
{[%clk 1:30:56]} 12. O-O-O {[%clk 1:32:11]} Be6 {[%clk 1:30:42]} 13. h3
{[%clk 1:31:27]} h4 {[%clk 1:23:32]} 14. Nc3 {[%clk 1:27:45]} Bb4
{[%clk 1:18:56]} 15. Kb1 {[%clk 1:18:49]} Bxc3 {[%clk 1:13:58]} 16. Qxc3
{[%clk 1:18:44]} Rc8 {[%clk 0:55:11]} 17. Rhe1 {[%clk 1:11:37]} b5
{[%clk 0:54:24]} 18. b3 {[%clk 1:10:20]} bxc4 {[%clk 0:53:02]} 19. bxc4
{[%clk 1:10:44]} Nd7 {[%clk 0:52:59]} 20. Ka1 {[%clk 1:06:37]} Nb6
{[%clk 0:52:38]} 21. Qc2 {[%clk 1:02:11]} f5 {[%clk 0:47:07]} 22. Bc1
{[%clk 0:52:06]} Qxd4+ {[%clk 0:39:59]} 23. Bb2 {[%clk 0:52:20]} Qf4
{[%clk 0:40:16]} 24. g3 {[%clk 0:52:16]} hxg3 {[%clk 0:33:20]} 25. fxg3
{[%clk 0:52:10]} Qh6 {[%clk 0:32:31]} 26. g4 {[%clk 0:49:51]} fxg4
{[%clk 0:24:01]} 27. hxg4 {[%clk 0:40:36]} Bxg4 {[%clk 0:19:49]} 28. Rh1
{[%clk 0:40:50]} Bxd1 {[%clk 0:20:11]} 29. Qxd1 {[%clk 0:41:18]} Qf4
{[%clk 0:18:32]} 30. Qh5 {[%clk 0:38:54]} Qh6 {[%clk 0:18:37]} 31. Bh7+
{[%clk 0:22:33]} Kf8 {[%clk 0:18:34]} 32. Qc5+ {[%clk 0:22:53]} 1-0

[Event "EYCC 2024 - O14"]
[Site "?"]
[Date "2024.08.31"]
[Round "9.7"]
[White "Karvatskyi, Oleksii"]
[Black "Brzezina, Piotr"]
[Result "1-0"]
[BlackElo "2341"]
[WhiteElo "2144"]
[LiveChessVersion "1.4.8"]

1. e4 {[%clk 1:30:58]} c5 {[%clk 1:29:31]} 2. Nf3 {[%clk 1:31:23]} d6
{[%clk 1:29:43]} 3. d4 {[%clk 1:31:50]} cxd4 {[%clk 1:30:09]} 4. Nxd4
{[%clk 1:32:18]} Nf6 {[%clk 1:30:31]} 5. Nc3 {[%clk 1:32:46]} a6 {[%clk 1:30:55]}
6. h4 {[%clk 1:27:55]} e5 {[%clk 1:29:31]} 7. Nb3 {[%clk 1:28:08]} Be7
{[%clk 1:29:42]} 8. Bg5 {[%clk 1:28:23]} Be6 {[%clk 1:19:00]} 9. Bxf6
{[%clk 1:28:38]} Bxf6 {[%clk 1:19:21]} 10. g3 {[%clk 1:29:04]} Be7
{[%clk 1:15:32]} 11. Qd2 {[%clk 1:27:39]} Nd7 {[%clk 1:12:54]} 12. O-O-O
{[%clk 1:27:15]} Nf6 {[%clk 1:08:46]} 13. f4 {[%clk 1:26:40]} Rc8
{[%clk 0:42:44]} 14. Bh3 {[%clk 1:03:58]} O-O {[%clk 0:33:43]} 15. Kb1
{[%clk 1:00:36]} Qc7 {[%clk 0:24:17]} 16. g4 {[%clk 0:51:04]} b5 {[%clk 0:22:41]}
17. g5 {[%clk 0:48:16]} b4 {[%clk 0:22:10]} 18. Nd5 {[%clk 0:48:28]} Nxd5
{[%clk 0:13:39]} 19. exd5 {[%clk 0:48:45]} Bxh3 {[%clk 0:13:56]} 20. Rxh3
{[%clk 0:49:14]} f6 {[%clk 0:13:41]} 21. g6 {[%clk 0:48:36]} h6 {[%clk 0:13:30]}
22. Rh2 {[%clk 0:47:13]} Qb6 {[%clk 0:12:57]} 23. Qd3 {[%clk 0:45:30]} Rcd8
{[%clk 0:09:00]} 24. Qf5 {[%clk 0:45:30]} Qc7 {[%clk 0:09:11]} 25. Re2
{[%clk 0:44:54]} Qd7 {[%clk 0:08:55]} 26. Qxd7 {[%clk 0:42:54]} Rxd7
{[%clk 0:09:23]} 27. Na5 {[%clk 0:43:12]} f5 {[%clk 0:07:40]} 28. fxe5
{[%clk 0:42:31]} dxe5 {[%clk 0:08:05]} 29. Rxe5 {[%clk 0:42:54]} Bxh4
{[%clk 0:07:12]} 30. Nb3 {[%clk 0:41:26]} Bg3 {[%clk 0:02:56]} 31. Re3
{[%clk 0:34:33]} f4 {[%clk 0:03:20]} 32. Red3 {[%clk 0:34:49]} f3
{[%clk 0:00:34]} 33. Nd2 {[%clk 0:34:02]} Bd6 {[%clk 0:00:31]} 34. Rxf3
{[%clk 0:33:47]} Rf6 {[%clk 0:00:38]} 35. Rxf6 {[%clk 0:33:35]} gxf6
{[%clk 0:01:07]} 36. c4 {[%clk 0:33:01]} bxc3 {[%clk 0:01:28]} 37. bxc3
{[%clk 0:33:30]} Kg7 {[%clk 0:01:05]} 38. c4 {[%clk 0:33:23]} f5 {[%clk 0:00:37]}
39. Nb3 {[%clk 0:33:35]} Rb7 {[%clk 0:00:32]} 40. Kc2 {[%clk 0:33:32]} Rc7
{[%clk 0:00:49]} 41. Kd3 {[%clk 0:32:29]} Kxg6 {[%clk 0:01:14]} 42. Kd4
{[%clk 0:32:43]} Kf6 {[%clk 0:01:04]} 43. c5 {[%clk 0:32:59]} Be5+
{[%clk 0:01:33]} 44. Kc4 {[%clk 0:33:26]} f4 {[%clk 0:01:08]} 45. d6
{[%clk 0:33:41]} Rd7 {[%clk 0:00:54]} 46. Kd5 {[%clk 0:34:05]} Kf5
{[%clk 0:01:08]} 47. Nd2 {[%clk 0:34:01]} Rd8 {[%clk 0:00:52]} 48. Nc4
{[%clk 0:33:56]} Bf6 {[%clk 0:00:56]} 49. c6 {[%clk 0:34:17]} f3 {[%clk 0:01:11]}
50. c7 {[%clk 0:34:19]} Rg8 {[%clk 0:00:39]} 51. d7 {[%clk 0:34:20]} 1-0